Welfare and planning : an analysis of capitalism versus socialism / (Record no. 302)
[ view plain ]
| 000 -LEADER | |
|---|---|
| fixed length control field | 00775nam a22001457a 4500 |
| 008 - FIXED-LENGTH DATA ELEMENTS--GENERAL INFORMATION | |
| fixed length control field | 111125t xxu||||| |||| 00| 0 eng d |
| 050 ## - LIBRARY OF CONGRESS CALL NUMBER | |
| Classification number | HB90.K94 |
| 100 ## - MAIN ENTRY--PERSONAL NAME | |
| Personal name | Kohler, Heinz. |
| 245 ## - TITLE STATEMENT | |
| Title | Welfare and planning : an analysis of capitalism versus socialism / |
| Statement of responsibility, etc. | Heinz, Kohler. |
| 260 ## - PUBLICATION, DISTRIBUTION, ETC. | |
| Place of publication, distribution, etc. | New York: |
| Name of publisher, distributor, etc. | John Wiley & Sons, Inc, |
| Date of publication, distribution, etc. | 1966. |
| 300 ## - PHYSICAL DESCRIPTION | |
| Extent | xv, 175 p.: |
| Other physical details | ill. |
| Dimensions | 23cm. |
| 500 ## - GENERAL NOTE | |
| General note | Includes index. |
| 505 ## - FORMATTED CONTENTS NOTE | |
| Formatted contents note | Contents: Introduction 1 -- The Goals of full employment and efficiency -- The Goals of equity and growth -- Perfectly competitive capitalism -- Capitalist reality and socialist critique -- Socialism: The Centralist scheme 1 -- Socialism : The Centralist scheme 11 -- The Soviet economy -- The Great Debate 144 -- An all - important question. |
| 942 ## - ADDED ENTRY ELEMENTS (KOHA) | |
| Source of classification or shelving scheme | Library of Congress Classification |
| Koha item type | Books |
| Withdrawn status | Lost status | Source of classification or shelving scheme | Damaged status | Not for loan | Home library | Current library | Shelving location | Date acquired | Total Checkouts | Full call number | Barcode | Date last seen | Copy number | Price effective from | Koha item type |
|---|---|---|---|---|---|---|---|---|---|---|---|---|---|---|---|
| Library of Congress Classification | WISCONSIN INTERNATIONAL UNIVERSITY COLLEGE, GHANA - MAIN LIBRARY | WISCONSIN INTERNATIONAL UNIVERSITY COLLEGE, GHANA - MAIN LIBRARY | General Stacks | 25/11/2011 | HB90.K94 | 839/11 | 25/11/2011 | 1 | 25/11/2011 | Books |
